| 000 | 00802nam a2200205 i 4500 | ||
|---|---|---|---|
| 001 | 80709 | ||
| 003 | ES-MaACL | ||
| 005 | 20250720063047.0 | ||
| 007 | t| | ||
| 008 | 041029s1939 po ||||1| spa d | ||
| 100 | 1 |
_aHostos, Eugenio María de, _d1839-1903 _964302 |
|
| 245 | 1 | 0 |
_aRomeo y Julieta _b: ensayo / _cpor Eugenio María de Hostos ; edición y notas de Manuel Negrón Nogueras; con un prólogo de Lidio Cruz Monclova ; y un apéndice de Carlos Arturo Torres. |
| 260 |
_a[S.l. : _bs.n., _c1933] ( _eSan Juan de Puerto Rico : _fImp. Venezuela) |
||
| 300 |
_a86 p. ; _c20 cm. |
||
| 700 | 1 |
_aNegrón Nogueras, Manuel. _985321 |
|
| 700 | 1 |
_aCruz Monclova, Lidio. _941837 |
|
| 700 | 1 |
_aTorres, Carlos Arturo. _9110882 |
|
| 852 |
_aES-MaACL _jF-15303 _bR.19052 |
||
| 999 |
_c80709 _d80709 |
||